[Event "2020 Norman Friedman BLITZ"]
[Site "Chess.com"]
[Date "2020.10.09"]
[Round "6"]
[White "iwillbeatyou2day"]
[Black "fucsko4"]
[Result "0-1"]
[WhiteElo "946"]
[BlackElo "1443"]

1. e4 } 1... Nc6 } 2. c4 } 2... e6 } 3. Nc3 } 3... Nf6 } 4. f4 } 4... Bc5 } 5.
Nf3 } 5... O-O } 6. d4 } 6... Bb4 } 7. Qd2 } 7... Nxe4 } 8. Qc2 } 8... d5 } 9.
cxd5 } 9... exd5 } 10. Bd3 } 10... Re8 } 11. O-O } 11... f5 } 12. Nxe4 } 12...
dxe4 } 13. Bc4+ } 13... Be6 } 14. Bxe6+ } 14... Rxe6 } 15. d5 } 15... Qxd5 }
16. Rd1 } 16... Qc5+ } 17. Qxc5 } 17... Bxc5+ } 18. Kf1 } 18... exf3 } 19.
gxf3 } 19... Rd8 } 20. Rxd8+ } 20... Nxd8 } 21. Bd2 } 21... Rd6 } 22. Ba5 }
22... b6 } 23. Bc3 } 23... Be3 } 24. Re1 } 24... Kf7 } 25. Rxe3 } 25... Ne6 }
26. Re5 } 26... g6 } 27. Rxe6 } 27... Kxe6 } 28. Bg7 } 28... Rd3 } 29. Kf2 }
29... Rd2+ } 30. Ke3 } 30... Rxh2 } 31. Kd4 } 31... c6 } 32. Bf8 } 32... Rxb2
} 33. a4 } 33... Ra2 } 34. a5 } 34... Rxa5 } 35. Bb4 } 35... Ra4 } 36. Kc4 }
36... Rxb4+ } 37. Kxb4 } 37... Kd5 } 38. Kc3 } 38... h5 } 39. Kd3 } 39... a5 }
40. Kc3 } 40... b5 } 41. Kd3 } 41... c5 } 42. Kc3 } 42... c4 } 43. Kd2 } 43...
b4 } 44. Kc2 } 44... a4 } 45. Kd2 } 45... Kd4 } 46. Kc2 } 46... Ke3 } 47. Kd1
} 47... b3 } 48. Ke1 } 48... c3 } 49. Kd1 } 49... a3 } 50. Ke1 } 50... h4 }
51. Kf1 } 51... a2 } 52. Kg2 } 52... a1=Q } 53. Kh3 } 53... Qe1 } 54. Kg2 }
54... Qg3+ } 55. Kh1 } 55... Qxf3+ } 56. Kh2 } 56... b2 } 57. Kg1 } 57...
b1=Q+ } 58. Kh2 } 58... Qbh1# } 0-1

[Event "2020 Norman Friedman BLITZ"]
[Site "Chess.com"]
[Date "2020.10.09"]
[Round "6"]
[White "caracleliem"]
[Black "B1ad3z"]
[Result "1-0"]
[WhiteElo "1186"]
[BlackElo "1275"]

1. e4 } 1... e5 } 2. Nf3 } 2... Nc6 } 3. Bb5 } 3... a6 } 4. Ba4 } 4... Nf6 }
5. O-O } 5... d6 } 6. Re1 } 6... Be7 } 7. h3 } 7... O-O } 8. c3 } 8... b5 } 9.
Bb3 } 9... Na5 } 10. Bc2 } 10... c5 } 11. d4 } 11... exd4 } 12. cxd4 } 12...
cxd4 } 13. Nxd4 } 13... Re8 } 14. Nc3 } 14... Bb7 } 15. Bg5 } 15... h6 } 16.
Bd2 } 16... Bf8 } 17. b4 } 17... Nc4 } 18. a3 } 18... g6 } 19. Qc1 } 19... Kh7
} 20. Bf4 } 20... Bg7 } 21. Bd3 } 21... Rc8 } 22. Bxc4 } 22... Rxc4 } 23. Nf3
} 23... Nh5 } 24. Bh2 } 24... Qf6 } 25. e5 } 25... dxe5 } 26. Bxe5 } 26... Qf5
} 27. Bxg7 } 27... Nxg7 } 28. Rxe8 } 28... Nxe8 } 29. Qe3 } 29... Ng7 } 30.
Nd4 } 30... Qd5 } 31. Nxd5 } 31... Bxd5 } 32. Rd1 } {#r} 1-0

[Event "2020 Norman Friedman BLITZ"]
[Site "Chess.com"]
[Date "2020.10.09"]
[Round "6"]
[White "iballisticsquid123"]
[Black "Jeffrey944"]
[Result "1-0"]
[WhiteElo "2120"]
[BlackElo "1454"]

1. e4 } 1... e6 } 2. d4 } 2... d5 } 3. Bd3 } 3... dxe4 } 4. Bxe4 } 4... Nf6 }
5. Bf3 } 5... Nbd7 } 6. Ne2 } 6... c5 } 7. c3 } 7... Be7 } 8. Be3 } 8... cxd4
} 9. Nxd4 } 9... O-O } 10. O-O } 10... Nb6 } 11. Qc2 } 11... a6 } 12. Rd1 }
12... Qc7 } 13. Nd2 } 13... Rd8 } 14. Ne4 } 14... e5 } 15. Nxf6+ } 15... Bxf6
} 16. Nf5 } 16... Be6 } 17. Ng3 } 17... Rxd1+ } 18. Rxd1 } 18... Rd8 } 19. Ne4
} 19... Rxd1+ } 20. Qxd1 } 20... Be7 } 21. Ng5 } 21... h6 } 22. Nxe6 } 22...
fxe6 } 23. Bg4 } 23... Kf7 } 24. Qb3 } 24... Nd5 } 25. Bd2 } 25... Qd7 } 26.
Qc2 } 26... Nf6 } 27. Be2 } 27... e4 } 28. Bc4 } 28... b5 } 29. Bb3 } 29...
Qd3 } 30. Qxd3 } 30... exd3 } 31. f3 } 31... Bc5+ } 32. Kf1 } 32... Nd5 } 33.
Bxd5 } 33... exd5 } 34. Ke1 } 34... d4 } 35. cxd4 } 35... Bxd4 } 36. Bc3 }
36... Be3 } 37. Bd2 } 37... Bd4 } 38. b3 } 38... Ke6 } 39. g3 } 39... g5 } 40.
f4 } 40... Kf5 } 41. fxg5 } 41... hxg5 } 42. h3 } 42... Be5 } 43. Kf2 } 43...
Bd4+ } 44. Kf3 } {#r} 1-0

[Event "2020 Norman Friedman BLITZ"]
[Site "Chess.com"]
[Date "2020.10.09"]
[Round "6"]
[White "little_pikachu_soya"]
[Black "AttackJack"]
[Result "1-0"]
[WhiteElo "1425"]
[BlackElo "1201"]

1. d4 } 1... Nf6 } 2. c4 } 2... d5 } 3. cxd5 } 3... Nxd5 } 4. e4 } 4... Nf6 }
5. Nc3 } 5... b6 } 6. Bg5 } 6... Nc6 } 7. d5 } 7... Ne5 } 8. f4 } 8... Ned7 }
9. e5 } 9... Ng8 } 10. Bh4 } 10... Bb7 } 11. Nf3 } 11... Qc8 } 12. Bc4 } 12...
Nc5 } 13. b4 } 13... Na6 } 14. a3 } 14... e6 } 15. O-O } 15... Be7 } 16. Bg3 }
16... f6 } 17. dxe6 } 17... fxe5 } 18. Nxe5 } 18... Nh6 } 19. Qh5+ } 19... g6
} 20. Qxh6 } 20... Bf8 } 21. Qh4 } 21... Be7 } 22. Qg4 } 22... Rg8 } 23. Bh4 }
23... Bxh4 } 24. Qxh4 } 24... b5 } 25. Bxb5+ } 25... c6 } 26. Bc4 } 26... Nc7
} 27. e7 } 27... Rg7 } 28. Nxc6 } 28... Bxc6 } 29. Qf6 } 29... Rxe7 } 30.
Qxc6+ } 30... Kf8 } 31. f5 } 31... Qd8 } 32. fxg6+ } 32... Kg7 } 33. Qf6+ }
33... Kh6 } 34. g7+ } 34... Kh5 } 35. Rf5+ } 35... Kg4 } 36. Qg5# } 1-0

[Event "2020 Norman Friedman BLITZ"]
[Site "Chess.com"]
[Date "2020.10.09"]
[Round "6"]
[White "bentheshed"]
[Black "BatmanNelson"]
[Result "0-1"]
[WhiteElo "1313"]
[BlackElo "1014"]

1. d4 } 1... e6 } 2. c4 } 2... c5 } 3. Nc3 } 3... Nc6 } 4. e3 } 4... Nf6 } 5.
Nf3 } 5... d5 } 6. Bd3 } 6... Be7 } 7. O-O } 7... O-O } 8. Ne2 } 8... h6 } 9.
Ng3 } 9... Re8 } 10. Bc2 } 10... Bd6 } 11. Qd3 } 11... g6 } 12. e4 } 12...
dxe4 } 13. Nxe4 } 13... Nxe4 } 14. Qxe4 } 14... e5 } 15. Bxh6 } 15... cxd4 }
16. Bg5 } 16... Qc7 } 17. Nh4 } 17... Qb6 } 18. b3 } 18... Qa5 } 19. Nxg6 }
19... fxg6 } 20. Qxg6+ } 20... Kf8 } 21. Bh6+ } 21... Ke7 } 22. Qg7+ } 22...
Kd8 } 23. Bg5+ } 23... Be7 } 24. Bg6 } 24... Bxg5 } 25. Bxe8 } 25... Kxe8 }
26. Qxg5 } 26... Be6 } 27. Rfe1 } 27... Rd8 } 28. b4 } 28... Qxb4 } 29. Rab1 }
29... Qxc4 } 30. Qg6+ } 30... Kf8 } 31. Qf6+ } 31... Ke8 } 32. Rxb7 } 32...
Rd7 } 33. Qh8+ } 33... Ke7 } 34. Qh4+ } 34... Ke8 } 35. Reb1 } 35... Rxb7 }
36. Qh8+ } 36... Bg8 } 37. Qh5+ } 37... Kf8 } 38. Qf5+ } 38... Ke8 } 39. Qc8+
} 39... Nd8 } 40. Qf5 } 40... Rxb1+ } 41. Qxb1 } 41... d3 } 42. h3 } 42... d2
} 43. Qg6+ } 43... Bf7 } 44. Qb1 } 44... Qc1+ } 45. Qxc1 } 45... dxc1=Q+ } 46.
Kh2 } 46... Qf1 } 47. Kg3 } 47... Bd5 } 48. f3 } 48... Ne6 } 49. h4 } 49...
Bxa2 } 50. Kh3 } 50... Bd5 } 51. Kg3 } 51... a5 } 52. h5 } 52... Qd3 } 53. h6
} 53... a4 } 54. h7 } 54... Qxh7 } 55. Kg4 } 55... a3 } 56. g3 } 56... Qg7+ }
57. Kh3 } 57... a2 } 58. Kg2 } 58... a1=Q } 59. g4 } 59... Qa2+ } 60. Kg3 }
60... e4 } 61. f4 } 61... e3 } 62. g5 } 62... e2 } 63. Kg4 } 63... e1=Q } 64.
Kf5 } 64... Qc2+ } 65. Kg4 } 65... Qee2+ } 66. Kh4 } 66... Qgh7+ } 67. Kg3 }
67... Qg2# } 0-1